书目信息 |
| 题名: |
GRE 颠峰词汇
|
|
| 作者: | 肖静波 编著 | |
| 分册: | ||
| 出版信息: | 北京 清华大学出版社 2003.09 |
|
| 页数: | 339页 | |
| 开本: | 24cm | |
| 丛书名: | ||
| 单 册: | ||
| 中图分类: | H313 | |
| 科图分类: | ||
| 主题词: | 英语 | |
| 电子资源: | ||
| ISBN: | 7-302-07130-6 | |
| 000 | 00528nam0 2200193 45 | |
| 001 | 0436193283 | |
| 005 | 2004043010031222 | |
| 010 | @a7-302-07130-6@dCNY 35.90 | |
| 100 | @a20040430d2003 km y0chiy0120 ea | |
| 101 | 0 | @achi |
| 102 | @aCN@b110000 | |
| 200 | 1 | @aGRE 颠峰词汇@AGRE Dian Feng Ci Hui@f肖静波编著@FXiao Jing Bo Bian Zhu |
| 210 | @a北京@c清华大学出版社@d2003.09 | |
| 215 | @a339页@d24cm | |
| 606 | 0 | @a英语 |
| 690 | @aH313@v3 | |
| 701 | 0 | @a肖静波@AXiao Jing Bo@4编著 |
| 801 | 0 | @aCN@bPFT@c20040430 |
| 905 | @dH313@eX291 | |
| GRE 颠峰词汇/肖静波编著.-北京:清华大学出版社,2003.09 |
| 339页;24cm |
| ISBN 7-302-07130-6:CNY 35.90 |
| ● |
| 相关链接 |
|
|
|
正题名:GRE 颠峰词汇
索取号:H313/X291
 
预约/预借
| 序号 | 登录号 | 条形码 | 馆藏地/架位号 | 状态 | 备注 |
| 1 | 380378 | 203803786 | 语言库209/209语言库 104排5列2层/ [索取号:H313/X291] | 在馆 | |
| 2 | 380379 | 203803795 | 语言库209/ [索取号:H313/X291] | 在馆 | |
| 3 | 380380 | 203803802 | 语言库209/209语言库 104排5列2层/ [索取号:H313/X291] | 在馆 |